000 00576nmm a2200205Ia 4500
008 251105s9999||||xx |||||||||||||||||und||
020 _a9788498953435
041 _aspa
100 _aMaia, Circe
245 0 _aTransparencias :
_b Antología poética
264 _a[Madrid, España] :
_bVisor Libros,
_c2018
300 _a236 páginas
490 _aVisor de Poesía
650 _aLatin American poetry
700 _aMaia, Circe
700 1 _a Techeira, Diego
700 1 _a Techeira , Diego
856 _uhttps://public.digitaliapublishing.com/a/77278
942 _cCF
999 _c68189
_d68189